000
00361nam a2200133Ia 4500
008
151001s9999||||xx |||||||||||||| ||und||
100
_a
शरद पवार
245
_a
स्पर्धा काळाशी
250
_a
1
260
_b
रोहन प्रकाशन पुणे
260
_c
2008
300
_a
268
365
_b
21
999
_c
994974
_d
994971